000 00463nam a2200193Ia 4500
008 151119s9999||||xx |||||||||||||| ||und||
082 _a891.463
082 _bGKKV4959
100 _aबोरकर वि ज
245 _aनागडा
260 _a--
260 _b--
260 _c0
600 _aबोरकर वि ज
630 _aनागडा
700 _aबोरकर वि ज
730 _aनागडा
942 _cBOOK
999 _c1060094
_d1060091